02485cam a22003974i 4500003000900000005001700009008004100026035002000067040003300087100003800120245019500158264001000353300003700363336002100400337002500421338002300446502005900469504002400528520129500552526001001847526001001857526000901867526000901876526000901885526000901894526000901903526000901912526000901921526000801930526000801938526000801946526000801954526000801962610006501970650005202035PE-LiUPU20250731165442.0160913s2016 pe a grm 000 0 spa d a(Sirsi) a163413 aPE-LiUPUbspacPE-LiUPUerda1 aLobo Calsino, Sol Hillary,eautor1 aRelación de la identidad visual de la Universidad Peruana Unión con la identificación institucional de sus estudiantes de pregrado sede Ñaña, Lima 2015 /cSol Hillary Lobo Calsino. 0c2016. a204 hojas : bilustraciones;c30 atext2rdacontent aunmediated2rdamedia avolume2rdacarrier aTesisb(Lic.) -- cUniversidad Peruana Unión,d2016. aIncluye referencias3 aEl propósito de este estudio fue determinar la relación de la identidad visual de la Universidad Peruana Unión sobre la identificación institucional de sus estudiantes de pregrado de la sede Ñaña-Lima, 2015. El tipo de investigación fue básica, de diseño no experimental, cuantitativo, transversal y de tipo descriptivo-correlacional. El estudio estuvo conformado por una muestra de 354 estudiantes de todas las carreras de pregrado existentes en sus facultades. Para la recolección de datos se utilizó un instrumento elaborado por la investigadora y validado por expertos. El análisis de los datos se hizo a través de la prueba estadística de Rho de Spearman establecido en un 95% de confianza, resultando en el valor de sig = 0,000 < 0,05. Se encontró que la identidad visual se relaciona con la identificación institucional, y que existe relación entre las dimensiones de la Identidad visual (elementos gráficos, aplicación y control) y la identificación institucional con sus dimensiones (cognitiva, evaluativa, conductual y afectiva). La presente investigación también contribuye en la delimitación conceptual de los términos "identidad visual", "identificación institucional" e "identidad institucional" mejorando su diferenciación. aSEG44 aSEG26 aP151 aP150 aP149 aP146 aP145 aP126 aP125 aP92 aP75 aP74 aP27 aP1504aUniversidad Peruana UniónxIdentificación (Psicología)04aUniversitariosxIdentificación (Psicología)